00297nam a2200121Ia 4500008004100000100002000041245004300061260002700104300000900131650001300140942000700153999001500160190216s9999||||xx |||||||||||||| ||und|| aJagdish Bhagwti 0aEconomics Of Under Developed Countries bWorld Univeristyc1971 a255p aCommerce cBK c9347d9347